| 000 | 00510cam a2200169 i 4500 | ||
|---|---|---|---|
| 020 | _a0070840687 : | ||
| 040 | _cDLC | ||
| 082 | 0 | 0 | _a581 MCG 1977 A033 Or. |
| 100 | 2 | _aScott Russell, Robert. | |
| 245 | 1 | 0 |
_aPlant root systems : _btheir functions and interaction with the soil / |
| 260 |
_aLondon ; _aNew York : _bMcGraw-Hill, _cc1977. |
||
| 300 |
_axii, 298 p. : _bill. ; _c24 cm. |
||
| 490 | 0 | _aEuropean plant biology series | |
| 650 | 0 | _aRoots (Botany) | |
| 650 | 0 | _aPlant-soil relationships. | |
| 942 | _cEK | ||
| 999 |
_c12216 _d12216 |
||